000 011980000a22002770004500
003 EG-GICUC
005 20250223030047.0
008 090914s1997 ua d f m 000 0 eng d
040 _aEG-GiCUC
_beng
_cEG-GiCUC
041 0 _aeng
049 _aDeposite
097 _aM.A
099 _aCai01.02.12.M.A.1997.La.P
100 0 _aLamiaa Ahmed Abdelhameed
245 1 0 _aPersistent types of spelling errors :
_bA study on spelling errors in the secondary and tertiary stages /
_cLamiaa Ahmed Abdelhameed ; Supervised Helmi Aboulfetouh , Mariam Osman
246 1 5 _aالانواع الثابتة من الاخطاء الهجائية ، دراسة على الاخطاء الهجائية فى اللغة الانجليزية فى المرحلتين الثانوية والجامعية
260 _aCairo :
_bLamiaa Ahmed Abdelhameed ,
_c1997
300 _a100 Leaves :
_bcharts ;
_c30cm
502 _aThesis(M.A.) - Cairo University - Faculty of Arts - Department of English
700 0 _aHelmi Aboulfetouh ,
_eSupervisor
700 0 _aMariam Osman ,
_eSupervisor
856 _uhttp://172.23.153.220/th.pdf
905 _aMustafa
_eRevisor
905 _aReda
_eCataloger
942 _2ddc
_cTH
999 _c26605
_d26605